00567nam a2200205Ia 4500003000900000005001700009008004100026040001300067040001300080041000800093100002000101245012800121250002200249260002300271260000900294300001100303300001000314490002900324490000800353IT-RoPAU20220918175855.0120407s9999 xx 000 0 und d aIT-RoPAU cIT-RoPAU aita aMario Marchiori a"Il puma e il condor". Miti e leggende delle Ande e della Terra del Fuoco. Scelti, tradotti e commentati da Mario Marchiori aCinisello Balsamo aSan Paolo Edizioni c1999 a415 p. c22 cm aIl fascino dell’ignoto v117